000 01162cam a2200301 a 4500
999 _c7796
_d7796
001 2558664
003 OSt
005 20220304153747.0
008 950125s1995 nyu b 001 0 eng
010 _a 95002331
020 _a0387944605 (acidfree)
040 _aDLC
_cDDC
_dDLC
050 0 0 _aQA331.7
_b.C682 1995
082 0 0 _a515.93.CON 1995
100 1 _aConway, John B.
_915883
245 1 0 _aFunctions of one complex variable II /
_cJohn B. Conway.
246 3 0 _aFunctions of one complex variable 2
246 3 0 _aFunctions of one complex variable two
260 _aNew York :
_bSpringer-Verlag,
_cc1995.
300 _axvi, 394 p. ;
_c24 cm.
440 0 _aGraduate texts in mathematics ;
_v159
_915885
504 _aIncludes bibliographical references (p. [384]-388) and index.
650 0 _aFunctions of complex variables.
_91060
856 4 2 _3Publisher description
_uhttp://www.loc.gov/catdir/enhancements/fy0815/95002331-d.html
906 _a7
_bcbc
_corignew
_d1
_eocip
_f19
_gy-gencatlg
942 _2ddc
_cO_SHELF